| 000 | 01836cam a22004694i 4500 | ||
|---|---|---|---|
| 003 | PE-LiUPU | ||
| 005 | 20250731173055.0 | ||
| 008 | 180313s1967 ne a r 001 0 gw d | ||
| 020 | _a9789060040706 | ||
| 035 | _a(Sirsi) a241542 | ||
| 040 |
_aPE-LiUPU _bspa _cPE-LiUPU _erda |
||
| 049 | _aPRUA | ||
| 082 | 0 | 4 |
_a284.1 _bL9 _222 |
| 100 | 1 |
_aHasak, Vincenz, _eautor. |
|
| 245 | 0 | 0 |
_aLuther und die religiöse literatur seiner zeit bis zum jahre 1520 / _cedited by Vincenz Hasak. |
| 264 | 1 |
_aNieuwkoop : _bB. de Graaf, _c1967. |
|
| 300 |
_avii, 259 páginas : _bilustraciones ; _c23 centímetros |
||
| 336 |
_atext _2rdacontent |
||
| 337 |
_aunmediated _2rdamedia |
||
| 338 |
_avolume _2rdacarrier |
||
| 504 | _aÍndice : página 259. | ||
| 505 | 0 | _aVorrede -- Zur orientirung über die Zeit unmittelbar vor dem Jahre 1517 -- Einige Andeutungen über das mittelalteriliche Schulwesen -- Ein Domkapitel im Mittelalter -- Einige illustrationen über das "finstere Mittelalter" -- Krankheit und Heilungsversuche -- Der socialismus -- Die hervorragendsten publikationen der reliösen literatur zur Zeit Luthers bis zum Jahre 1520. | |
| 526 | _aSEG42 | ||
| 526 | _aSEG41 | ||
| 526 | _aSEG40 | ||
| 526 | _aSEG39 | ||
| 526 | _aP94 | ||
| 526 | _aP87 | ||
| 526 | _aP86 | ||
| 526 | _aP85 | ||
| 526 | _aP77 | ||
| 526 | _aP76 | ||
| 526 | _aP35 | ||
| 600 | 1 |
_aLuther, Martin _d1483-1546. |
|
| 650 | 0 | 4 |
_aChristian literature _xLiteratura cristiana. |
| 910 |
_adbm _bwmm _cwmm _d20180313 |
||
| 942 |
_2ddc _cBOOK |
||
| 994 |
_aC0 _bPEPRU |
||
| 596 | _a1 | ||
| 999 |
_a284.1 L9 _wDEWEY _c27159 _i78371 _d27159 _f2021-11-11 _g4 _lCCODEBUL1 _mBUL _p20.00 _q2 _r0 _sY _tBOOK _u2018-3-13 _xTEOLOGIA _PP35 _0DONACION _o.STAFF. Colección Teología |
||
| 980 |
_81 _gALBERTO SANCHEZ Responsable de Automatización |
||